[Event "Chennai op 5th"]
[Site "Chennai"]
[Date "2013.01.22"]
[Round "10"]
[White "Anand, Raj S"]
[Black "Prasanna Raghuram, Rao"]
[Result "1/2-1/2"]
[WhiteElo "2069"]
[BlackElo "2419"]
[PlyCount "183"]
[EventDate "2013.01.16"]
[EventType "swiss"]
[EventRounds "11"]
[EventCountry "IND"]
[SourceTitle "CBM 152 Extra"]
[Source "ChessBase"]
[SourceDate "2013.02.25"]
[SourceVersion "1"]
[SourceVersionDate "2013.02.25"]
[SourceQuality "1"]

1. e4 e5 2. Nf3 d6 3. d4 exd4 4. Nxd4 Nf6 5. Nc3 Be7 6. Be2 0-0 7. 0-0 Re8 8. f4 Bf8 9. Bf3 c5 10. Nb3 Nc6 11. Be3 Be6 12. Re1 a6 13. Nd5 Bxd5 14. exd5 Ne7 15. Bf2 g6 16. a4 Bg7 17. Qd3 Qd7 18. Na5 Rad8 19. Nc4 Ng4 20. Bxg4 Qxg4 21. Re4 Nc8 22. a5 Qd7 23. Rae1 Kf8 24. b3 Rxe4 25. Qxe4 Re8 26. Qxe8+ Qxe8 27. Rxe8+ Kxe8 28. Bh4 Kd7 29. Kf2 Na7 30. Ke2 Nb5 31. Kd3 Bh6 32. g3 Bg7 33. g4 Nd4 34. Nb6+ Kc7 35. Na8+ Kd7 36. Nb6+ Ke8 37. Nc8 Bf8 38. Bf6 Nf3 39. h3 Ne1+ 40. Kd2 Ng2 41. f5 gxf5 42. gxf5 Nf4 43. c4 Nxh3 44. Ke3 Kd7 45. Nb6+ Kc7 46. Bh8 Bh6+ 47. Kf3 Ng5+ 48. Kf4 Ne6+ 49. Ke4 Nf8 50. Bc3 Nd7 51. Nxd7 Kxd7 52. f6 Bc1 53. Kf5 Be3 54. Be1 h5 55. Ke4 Bd4 56. Kf5 h4 57. Bxh4 Bc3 58. Ke4 Bxa5 59. Kd3 Bb4 60. Bg3 b5 61. Bh4 bxc4+ 62. Kxc4 Bd2 63. Kd3 Bf4 64. Kc4 Be5 65. b4 cxb4 66. Kxb4 Kc7 67. Ka5 Kb7 68. Bg5 Bc3+ 69. Ka4 Kb6 70. Be3+ Kc7 71. Bg5 Be1 72. Be3 Kd7 73. Bd4 Kc7 74. Be3 Bc3 75. Bg5 Kd7 76. Bh4 Kc8 77. Bg5 Kd8 78. Bh4 Ke8 79. Bg5 Kf8 80. Bf4 Be5 81. Bg5 Kg8 82. Ka5 Kh7 83. Kxa6 Kg6 84. Bh4 Kf5 85. Kb7 Bxf6 86. Be1 Be5 87. Kc6 Kf6 88. Bh4+ Kg6 89. Be7 f5 90. Bxd6 Bxd6 91. Kxd6 f4 92. Kc7 1/2-1/2

[Event "IND-ch U15"]
[Site "Mumbai"]
[Date "2009.11.07"]
[Round "8"]
[White "Anand, Raj S"]
[Black "Das, Sayantan"]
[Result "0-1"]
[WhiteElo "2048"]
[BlackElo "2294"]
[PlyCount "122"]
[EventDate "2009.11.01"]
[EventType "swiss"]
[EventRounds "11"]
[EventCountry "IND"]
[SourceTitle "EXT 2011"]
[Source "ChessBase"]
[SourceDate "2010.11.26"]
[SourceVersion "1"]
[SourceVersionDate "2010.11.26"]
[SourceQuality "1"]

1. e4 e5 2. Nf3 Nc6 3. Bc4 Nf6 4. d4 exd4 5. 0-0 Nxe4 6. Re1 d5 7. Bxd5 Qxd5 8. Nc3 Qa5 9. Nxe4 Be6 10. Neg5 0-0-0 11. Nxe6 fxe6 12. Rxe6 h6 13. Qe2 Bd6 14. Bd2 Qh5 15. h3 Qf7 16. Re1 g5 17. Qe4 Rdf8 18. Re2 Nd8 19. Rxd6 cxd6 20. Qxd4 Nc6 21. Qxd6 Qd7 22. Re6 Qxd6 23. Rxd6 Rh7 24. Re6 Kd7 25. Rg6 Rf5 26. Bc3 Ne7 27. Rg7 Rxg7 28. Bxg7 Ng8 29. Bd4 a6 30. Kf1 Ra5 31. a3 Ne7 32. g4 Rd5 33. Ke2 Ng6 34. Ke3 Rd6 35. Ne5+ Nxe5 36. Bxe5 Rd1 37. Kf3 Rd2 38. Bg7 Rd6 39. Ke2 Ke7 40. Bc3 Kf7 41. Bd2 Rb6 42. b4 Rc6 43. Kd3 Rf6 44. Ke2 b5 45. Be3 Rc6 46. Kd3 Rc4 47. c3 Kg6 48. a4 Rc8 49. a5 Rf8 50. Ke4 h5 51. f4 Re8+ 52. Kd4 gxf4 53. gxh5+ Kf5 54. Bf2 Re2 55. Bh4 Re6 56. c4 Re4+ 57. Kc5 bxc4 58. h6 c3 59. h7 Re8 60. Be1 c2 61. Bd2 f3 0-1